Sales training : a guide to developing effective salespeople

Bibliographic Details
Main Author: Salisbury, Frank S
Other Authors: Bennett, Roger
Format: Book
Published: London : McGraw Hill , 1992
Subjects:

MARC

LEADER 00000cam a2200000 7i4500
001 0000002177
002 000002374
005 20000330.0
020 |a 0077074580 
090 0 0 |a 658.31245   |b SAL 
100 1 |a Salisbury, Frank S 
245 1 0 |a Sales training :   |b a guide to developing effective salespeople   |c Frank S. Salisbury 
260 |a London :   |b McGraw Hill ,   |c 1992 
300 |a 161p. ;   |c 25cm. 
650 0 0 |a Sales person 
700 1 |a Bennett, Roger 
999 |a 028044   |b BUKU   |c PINJAMAN   |e PERPUSTAKAAN KOMUNITI PETALING JAYA